| 000 | 00000nam##2200000za#4500 |
| 001 | 9.698550 |
| 003 | CaOODSP |
| 005 | 20220125145842 |
| 007 | cr ||||||||||| |
| 008 | 150407|2014||||xxc|||||o f|0| 0 eng|d |
| 020 | |a978-1-100-22817-4 |
| 040 | |aCaOODSP|beng |
| 043 | |an-cn--- |
| 086 | 1 |aD2-325/2014E-PDF |
| 110 | 1 |aCanada.|bDepartment of National Defence. |bCanadian Forces Aerospace Warfare Centre. |
| 245 | 10|aShifting sands : |h[electronic resource]|bair coercion and Iraq, 1991-2003 / |c[by] J. R. McKay. |
| 260 | |aOttawa - Ontario : |bNational Defence. |cc2014. |
| 300 | |a199p.|bfigs., maps, organization chart, tables |
| 500 | |aThe catalogue number (D2-325/2014) and ISBN (978-1-100-54623-0) for the bilingual print edition have been copied in this electronic publication. |
| 504 | |aBibliography. |
| 590 | |a15-01|b2015-01-02 |
| 775 | 08|tCoercition dans un ciel incertain : |w(CaOODSP)9.642557 |
| 776 | 0#|tShifting sands : |w(CaOODSP)9.677709 |
| 776 | 0#|tCoercition dans un ciel incertain : |w(CaOODSP)9.677710 |
| 856 | 40|ahttp://publications.gc.ca|qPDF|s1540 KB|uhttps://publications.gc.ca/collections/collection_2014/mdn-dnd/D2-325-2014-eng.pdf |